000 00367nam a2200133Ia 4500
008 240624s9999 xx 000 0 und d
041 _aeng
082 _a658.3125 BUR
100 _aBURKHOLDER NICHOLAS C
245 _aULTIMATE PERFORMANCE MEASURING HUMAN RES
260 _c2007
_aNew Jersey
_bJohn Wiley and Sons
300 _axi, : 276 : p. : cm. ; 24
365 _c
_b28
999 _c7406
_d7406